000 00968nas a2200301 4500
001 BR2011007211
003 BR-BrBNA
005 20231205115740.0
007 ta
008 230509b bl.|||p| |||| 00| 00por d
040 _aBR-BrBNA
_bpor
_cBiblioteca Nacional de Agricultura
041 _a(Pt)
072 _aL74
100 1 _aRabelo, R.C.
100 1 _aPimenta, M.M.
100 1 _aJark, P.C.
100 1 _aMoraes, A.A.
245 1 _aIntermação: uma síndrome emergencial - Rvisão de literatura
246 1 _aHeat stroke: a emergency syndrome - A review
650 _aANIMAL DOMÉSTICO
650 _aDISTÚRBIO ANIMAL
650 _aCALOR
650 _aTEMPERATURA
650 _aINSOLAÇÃO
773 0 _tMEDVEP. Revista Científica de Medicina Veterinária. Pequenos Animais e Animais de Estimação (Brazil)
_xISSN 1678-1430
_g(Jan-Mar 2010), v. 8(24) p. 73-81
_wBR2011007211
909 _a202311
_bLúcia
_c55
_dLúcia Elande
942 _2AGRIS
_n0
_cANA
999 _c215506
_d215506